Normal view
MARC view
Entry Término temático
001 - NÚMERO DE CONTROL
- campo de control: 170247
003 - IDENTIFICADOR DEL NÚMERO DE CONTROL
- campo de control: OSt
005 - FECHA Y HORA DE LA ÚLTIMA TRANSACCIÓN
- campo de control: 20220127161107.0
008 - DATOS DE LONGITUD FIJA
- campo de control de longitud fija: 220127|| aca||aabn | a|a d
040 ## - FUENTE DE LA CATALOGACIÓN
- Centro catalogador/agencia de origen: OSt
- Centro/agencia transcriptor: OSt
150 ## - ENCABEZAMIENTO--TÉRMINO DE MATERIA
- Término de materia o nombre geográfico como elemento de entrada: Tetranichidae
670 ## - FUENTE DE DATOS ENCONTRADOS
- Cita de la fuente: Work cat.: (OSt)204315: Reséndiz García, Benito 96135, Evaluación del poder de agregación, dispersión y sinergismo del Stirrup.Mr (algrenol-multimetil) solo y mezclado con acaricidas en Tetrnychus verticae Koch (Acaritetranychidae) /
